Financiamiento de la sociedad anónima (Registro nro. 3430)

Detalles MARC
000 -LEADER
fixed length control field 01075 a2200229 4500
001 - CONTROL NUMBER
control field 41217
005 - DATE AND TIME OF LATEST TRANSACTION
control field 20260407155706.0
008 - FIXED-LENGTH DATA ELEMENTS--GENERAL INFORMATION
fixed length control field 260407a2008 arg spa d
003 - CONTROL NUMBER IDENTIFIER
control field AR-UNSa-BCEJYS
040 ## - CATALOGING SOURCE
Original cataloging agency AR-UNSa-BCEJYS
Language of cataloging spa
Transcribing agency AR-UNSa-BCEJYS
080 ## - UNIVERSAL DECIMAL CLASSIFICATION NUMBER
Universal Decimal Classification number 347.725
Common auxiliary subdivision Sociedades públicas. Sociedades anónimas (Sociedades por acciones)
020 ## - INTERNATIONAL STANDARD BOOK NUMBER
International Standard Book Number 978-950-894-688-1
041 ## - LANGUAGE CODE
Language code of text/sound track or separate title spa
100 1# - MAIN ENTRY--PERSONAL NAME
Personal name Giovenco, Arturo C.
245 10 - TITLE STATEMENT
Title Financiamiento de la sociedad anónima
264 #1 - PRODUCTION, PUBLICATION, DISTRIBUTION, MANUFACTURE, AND COPYRIGHT NOTICE
Place of production, publication, distribution, manufacture Buenos Aires :
Name of producer, publisher, distributor, manufacturer AD-HOC
Date of production, publication, distribution, manufacture, or copyright notice 2008
300 ## - PHYSICAL DESCRIPTION
Extent 315 p.
Dimensions 23 cm.
505 ## - FORMATTED CONTENTS NOTE
Formatted contents note 1. Financiamiento en sentido estricto: Capítulo I: El capital social - Capítulo II: El crédito - Capítulo III: Afectación de activos para la obtención de financiamiento - 2. Financiamiento indirecto: Capítulo I: Reestructuración de deudas en general - II: Reestructuración de deudas en el marco de la Ley de Concursos y Quiebras
590 ## - LOCAL NOTE (RLIN)
Local note niveau_biblio:m niveau_hierar:0
856 41 - ELECTRONIC LOCATION AND ACCESS
Uniform Resource Identifier <a href="https://biblioeco.unsa.edu.ar/pmb/images/libros/L126455.jpg">https://biblioeco.unsa.edu.ar/pmb/images/libros/L126455.jpg</a>
Link text Imagen de portada
Electronic format type image/jpeg
942 ## - ADDED ENTRY ELEMENTS (KOHA)
Koha item type
Existencias
Withdrawn status Lost status Damaged status Not for loan Home library Current library Shelving location Date acquired Total checkouts Full call number Barcode Date last seen Price effective from Koha item type
        Biblioteca Prof. Eusebio Cleto del Rey Biblioteca Prof. Eusebio Cleto del Rey   07/04/2026   347.725 G513 L126455 07/04/2026 07/04/2026 Libro